000 00421nam a22001457a 4500
008 190430b ||||| |||| 00| 0 eng d
020 _a9780345420435
082 _a813.54
100 _aCarré, Le John
245 _aThe tailor of Panama
260 _aNew York :
_bBallantine Books,
_c1996.
300 _a 402 p. ;
_c18 cm.
650 _a Intelligence service--Fiction. Tailors--Fiction. Panama--Fiction.
942 _2ddc
999 _c7945
_d7946